Exportaciones SGP de Centroamérica hacia los Estados Unidos de América durante el período 1976-1983

Guardado en:
Bibliografiske detaljer
Institution som forfatter: SIECA
Format: Texto
Udgivet: Guatemala: SIECA
Tags: Tilføj Tag
Ingen Tags, Vær først til at tagge denne postø!

MARC

LEADER 00000 a a2200000 04500
001 24062
003
040
090 |a 171100  
110 |a SIECA  
245 |a Exportaciones SGP de Centroamérica hacia los Estados Unidos de América durante el período 1976-1983  
260 |a Guatemala:   |b SIECA  
300 |a 52 p.   |b **no definido**  
999 |c 15468  |d 15468